000 00300nam a22001337a 4500
082 _a823
_bJAI/N
100 _aJAIN, KULDEEP
245 _aTHE NIGHTINGALE
246 _aTHE NIGHTINGALE
_bTHE NIGHTINGALE
260 _aNEW DELHI
_bPEGASUS
_c2025
300 _a16
650 _aENGLISH STORY
942 _cBK
999 _c9153
_d9153